Speaking rivers : (Record no. 167505)

MARC details
000 -LEADER
fixed length control field 00654nam a22001937a 4500
005 - DATE AND TIME OF LATEST TRANSACTION
control field 20190905143509.0
010 ## - LCCN (DPL NO)
LC control number ENG-126438
020 ## - INTERNATIONAL STANDARD BOOK NUMBER
Terms of availability 1195.00
International Standard Book Number 978-93-86552-82-2
035 ## - SYSTEM CONTROL NUMBER
System control number EN-109970
037 ## - SOURCE OF ACQUISITION
Source of stock number/acquisition DBAD/PUB
082 ## - DEWEY DECIMAL CLASSIFICATION NUMBER
Classification number 577.6609541
100 ## - MAIN ENTRY--PERSONAL NAME
Personal name Vipul Singh
245 ## - TITLE STATEMENT
Title Speaking rivers :
Remainder of title Environment history of a mid-ganga flood country, 1540-1885
Statement of responsibility, etc by Vipul Singh
260 ## - PUBLICATION, DISTRIBUTION, ETC. (IMPRINT)
Place of publication, distribution, etc Delhi
Name of publisher, distributor, etc Primus Books
Date of publication, distribution, etc 2018
270 ## - ADDRESS
City Delhi
Address Virat Bhavan Mukherjee Nagar Commercial Complex
Postal code 110009
300 ## - PHYSICAL DESCRIPTION
Extent 228p.
Dimensions 23cm(hb)
Other physical details ill.
500 ## - GENERAL NOTE
General note Includes Index, bibliography and epilogue
942 ## - ADDED ENTRY ELEMENTS (KOHA)
Source of classification or shelving scheme Dewey Decimal Classification
Item type English Books
Classification part 577.6609541
Call number suffix VIP
Holdings
Withdrawn status Lost status Not for loan Collection code Home library Current library Date acquired Source of acquisition Cost, normal purchase price Full call number Barcode Copy number Cost, replacement price Koha item type
      Non-fiction Ashok Vihar Ashok Vihar 05/09/2019 DBAD/PUB 1195.00 577.6609541 SIN EN-109970 1 1195.00 English Books

© Delhi Public Library
Hit Counter
free hit counter